Statistics for Regions of Djibouti

Click here to take the quiz!

General Stats

  • This quiz has been taken 11 times
  • The average score is 3 of 6

Answer Stats

Region % Correct
Djibouti
100%
Ali Sabieh
50%
Dikhil
50%
Obock
50%
Arta
38%
Tadjourah
38%

Score Distribution

Percentile by Number Answered

Percent of People with Each Score

Your Score History

You have not taken this quiz